=LDR 00000nam 2200000 4500 =001 NUTBA000000000000556 =005 20201125012511 =035 ##$$a 0010-031400000000555 =008 201125################g##########0#ind## =020 ##$$a 978-979-769-369-5 =082 ##$$a 324 =090 ##$$a 324 Suh p =100 #$$a Suharizal =245 1#$$a Pemilukada : $b Regulasi, dinamika, dan konsep mendatang /$c DR.Suharizal, SH.,MH. =250 ##$$a ed.1 =260 ##$$a Jakarta :$b Raja Grafindo Persada,$c 2012 =300 ##$$a x, 244 hlm ; $c 20 x 14 cm. =084 ##$$a 324 SUH p =650 #4$$a Pemilihan Umum =504 ##$$a Bibliografi :hlm.223-242 =520 ##$$a Biografi : hlm.243 =990 ##$$a 21302772 =990 ##$$a 21302769 =990 ##$$a 21302770 =990 ##$$a 21302773 =990 ##$$a 21302771 =990 ##$$a 21302770 =990 ##$$a 21302772 =990 ##$$a 21302769 =990 ##$$a 21302773 =990 ##$$a 21302771